Statistiques concernant Culture Générale - Série 1002

Cliquez ici pour prendre le quiz!

Statistiques générales

  • Ce quiz a été pris 55 fois
  • Le résultat moyen est 6 sur 10

Statistiques - réponses

Question Réponse % Correct
Complétez la proposition de Descartes : "Je pense donc...je suis
98%
Dans quelle ville du Japon peut-on admirer l'hôtel de ville conçu par Kenzo Tange en 1991 ?Tokyo
80%
En France, sous quel nom est connu Goofy, le chien ami de Mickey ?Dingo
71%
Comment s'appelle l'ami lapin de Bambi ?Pan Pan
69%
Si vous mangez du pain d'épices à Dijon, dans quel département vous trouvez-vous ?Côte-d'Or
67%
Dans quel film de Stanley Kubrick Jack Nicholson poursuit-il sa femme avec une hache ?Shining
65%
Sur les quais de la Seine à Paris, quel nom spécifique portent les vendeurs de livres anciens ?bouquinistes
51%
Quel adjectif, tiré de l'ancien français "cloper" signifiant "boiter", désigne une personne qui marche difficilement ?éclopé
33%
A quel procédé de conservation d'aliments par stérilisation à chaud, dans des boîtes hermétiques, Nicolas Appert a-t-il donné son nom ?appertisation
27%
De quel pays d'Afrique le petit David, fils adoptif de Madonna, est-il originaire ?Malawi
18%

Distribution des résultats

Percentile par nombre de réponses

% des personnes avec chaque résultat

Votre développement - résultats

Vous n’avez pas pris ce quiz